000 01032nam a22002657a 4500
005 20100901122622.0
008 100901t xxu||||| |||| 00| 0 eng d
010 _aENG-101389
020 _a0198065477
_c750.00
020 _a9780198065470
_c750.00
035 _aEN-84922
037 _bDBAD/PUB
040 _aDpl
_bEng
082 _a338.954
100 _aBalakrishnan,Pulapre
_917887
245 _aEconomic growth in india:
_bhistory and prospect /
_c by Pulapre Balakrishnan
260 _aNew Delhi
_bOxford University Press
_c2010
270 _aYMCA Library Building, Jai Singh Road
_bNew Delhi
_e110001
300 _axxxv,289p.
_c24cm (Hb)
500 _aIncludes bibliographical references (p. [265]-281) and index.
651 _aIndia
_xEconomic conditions.
_917877
700 _aMukerjee, Rahul
_917878
942 _2ddc
_cEN
_mBAL
_h338.954
999 _c43336
_d43336